00255nam a2200109Ia 4500008004100000245003000041260002200071440000600093521002200099942000700121999001700128140130s9999 xx 000 0 und d cLionni, LeoaFish is fish bScholastic,c1970 v1 aGrade 3 - Grade 4 cBK c40981d40981